| 000 | 00778nam a22002777a 4500 | ||
|---|---|---|---|
| 999 |
_c307149 _d307149 |
||
| 001 | 20959 | ||
| 003 | UA-OsUOA | ||
| 005 | 20200125213137.0 | ||
| 007 | ta | ||
| 008 | 20031108b un ||||| |||| 00| 0 ukr d | ||
| 020 | _a966-620-007-4 | ||
| 040 |
_aUA-OsUOA _brus _cUA-OsUOA _dUA-OsUOA |
||
| 041 | _arus | ||
| 044 | _aUA | ||
| 080 | _a947(477)(075.8) | ||
| 090 |
_a947(477)(075.8) _bЛ22 |
||
| 100 | _aЛановик Б. | ||
| 245 |
_aІсторія України _bнавчальниий посібник _cБ. Лановик, Р. Матейко, З. Матисякевич |
||
| 260 |
_aКиїв _bЗнання _c2000 |
||
| 300 | _a574 с. | ||
| 650 | 7 | _2UDC | |
| 700 | _aМатейко Р. | ||
| 700 | _aМатисякевич З. | ||
| 942 |
_cBK _2udc |
||
| 955 | _a0 | ||